Normal view
MARC view
Entry Topical Term
001 - CONTROL NUMBER
- control field: 34455
003 - CONTROL NUMBER IDENTIFIER
- control field: OSt
005 - DATE AND TIME OF LATEST TRANSACTION
- control field: 20160124124405.0
008 - FIXED-LENGTH DATA ELEMENTS
- fixed length control field: 160124|| aca||aabn | a|a d
040 ## - CATALOGING SOURCE
- Original cataloging agency: OSt
- Transcribing agency: OSt
150 ## - HEADING--TOPICAL TERM
- Topical term or geographic name entry element: Medical Science
670 ## - SOURCE DATA FOUND
- Source citation: Work cat.: (OSt)31731: Bland, Jeffrey S. 34454, 7 Day Detox Miracle, 2001









